Сборник дополнений и изменений к СанПиН 2.3.2.1078-01. Гигиенические требования безопасности и пищевой ценности пищевых продуктов; СанПиН 2.3.2.2227-07: дополнения и изменения 5; СанПиН 2.3.2.2340-08: дополнения и изменения 6; СанПиН 2.3.2.2351-08: дополнения и изменения 7; СанПиН 2.3.2.2354-08: дополнения и изменения 8; СанПиН 2.3.2.2362-08: дополнения и изменения 9; СанПиН 2.3.2.2401-08: дополнения и изменения 10
| Corporate Author: | |
|---|---|
| Language: | Russian |
| Published: |
Москва, Государственное санитарно-эпидемиологическое нормирование Российской Федерации, 2007
|
| Edition: | официальное изд. |
| TOC: | СанПиН 2.3.2.2227-07: дополнения и изменения 5; СанПиН 2.3.2.2340-08: дополнения и изменения 6; СанПиН 2.3.2.2351-08: дополнения и изменения 7; СанПиН 2.3.2.2354-08: дополнения и изменения 8; СанПиН 2.3.2.2362-08: дополнения и изменения 9; СанПиН 2.3.2.2401-08: дополнения и изменения 10; |
| Subjects: | |
| Format: | Book |
| KOHA link: | https://koha.lib.tpu.ru/cgi-bin/koha/opac-detail.pl?biblionumber=153962 |
MARC
| LEADER | 00000nam0a2200000 4500 | ||
|---|---|---|---|
| 001 | 153962 | ||
| 005 | 20231101221729.0 | ||
| 029 | 1 | 0 | |a RU |b 2.3.2.1078-01 |c СанПиН |
| 035 | |a (RuTPU)RU\TPU\book\167012 | ||
| 090 | |a 153962 | ||
| 100 | |a 20090219d2007 k a0rusy50 ca | ||
| 101 | 0 | |a rus | |
| 102 | |a RU | ||
| 105 | |a y l 001zy | ||
| 122 | 2 | |a d2007121020 |a d2007121020 | |
| 200 | 1 | |a Сборник дополнений и изменений к СанПиН 2.3.2.1078-01. Гигиенические требования безопасности и пищевой ценности пищевых продуктов |f Российская Федерация, Федеральная служба по надзору в сфере защиты прав потребителей и благополучия человека (Роспотребнадзор) | |
| 205 | |a официальное изд. | ||
| 210 | |a Москва |c Государственное санитарно-эпидемиологическое нормирование Российской Федерации |d 2007 | ||
| 215 | |a 101 с. | ||
| 464 | |t СанПиН 2.3.2.2227-07: дополнения и изменения 5 | ||
| 464 | |t СанПиН 2.3.2.2340-08: дополнения и изменения 6 | ||
| 464 | |t СанПиН 2.3.2.2351-08: дополнения и изменения 7 | ||
| 464 | |t СанПиН 2.3.2.2354-08: дополнения и изменения 8 | ||
| 464 | |t СанПиН 2.3.2.2362-08: дополнения и изменения 9 | ||
| 464 | |t СанПиН 2.3.2.2401-08: дополнения и изменения 10 | ||
| 606 | 1 | |a Пищевые продукты |x Качество |x Контроль |2 stltpush |3 (RuTPU)RU\TPU\subj\42129 |9 61863 | |
| 610 | 1 | |a пищевая ценность | |
| 610 | 1 | |a безопасность | |
| 610 | 1 | |a гигиенические требования | |
| 610 | 1 | |a СанПиН 2.3.2.1078-01 | |
| 610 | 1 | |a дополнения | |
| 610 | 1 | |a изменения | |
| 675 | |a 614.3 |v 3 | ||
| 712 | 0 | 1 | |a Российская Федерация |b Федеральная служба по надзору в сфере защиты прав потребителей и благополучия человека (Роспотребнадзор) |c (2004- ) |2 stltpush |3 (RuTPU)RU\TPU\col\10834 |
| 801 | 1 | |a RU |b 63413507 |c 20090219 |g PSBO | |
| 801 | 2 | |a RU |b 63413507 |c 20221208 |g PSBO | |
| 942 | |c BK | ||